Matices del pensamiento: 2 a 5 grado

Este libro muestra las maravillosas características del lenguaje que radica en sus múltiples posibilidades expresivas. Gracias a ellas, la expresión lingüística admite variados matices y colores.

Gardado en:
Detalles Bibliográficos
Autor Principal: Zubiría Samper, Miguel de
Outros autores: Corredor, Javier, Zubiría, Alejandro de
Formato: Libro
Idioma:Spanish
Publicado: Bogotá: Fundación Alberto Merani, 2000
Series:Leer para pensar, pensar para escribir
Subjects:
Acceso en liña:Enlace del recurso
Tags: Engadir etiqueta
Sen Etiquetas, Sexa o primeiro en etiquetar este rexistro!

MARC

LEADER 00000nam a2200000 a 4500
001 001057
008 030604s2000 ck a fr# #000|0#spa#d
020 |a 9405-20-7 
041 0 |a spa 
043 |a s-ck--- 
100 1 |a Zubiría Samper, Miguel de 
245 1 0 |a Matices del pensamiento:  |b 2 a 5 grado   |c Miguel de Zubiría Samper, Javier Corredor; Alejandro de Zubiría 
260 |a Bogotá:  |b Fundación Alberto Merani,  |c 2000 
300 |a 106 p.:  |b il., gráf. 
440 0 |a Leer para pensar, pensar para escribir 
520 3 |a Este libro muestra las maravillosas características del lenguaje que radica en sus múltiples posibilidades expresivas. Gracias a ellas, la expresión lingüística admite variados matices y colores. 
650 1 4 |a COMUNICACIÓN 
700 1 |a Corredor, Javier 
700 1 |a Zubiría, Alejandro de 
999 |c 3209  |d 3209 
856 |u https://catalogo.idep.edu.co/cgi-bin/koha/opac-detail.pl?biblionumber=3209  |z Enlace del recurso